000 00388cam a2200169 4500
001 D12119
008 090401t1957 xxu||||| |||| 00| 0 eng d
035 _a(Sirsi) u94053
041 _aeng
100 _aBeresford, Maurice
245 _aHistory on the ground
260 _aLondon
_bLutterworth Press
_c1957
350 _a0
520 _aShelf 176
942 _n0
948 _c04/03/1997
999 _c97887
_d97887